000
00290nam a22001097a 4500
008
170111b xxu||||| |||| 00| 0 eng d
020
_a
9780801609701
041
_a
eng
080
_2
3RD
_a
618.2
245
_a
THEORY AND NURSING/ A SYSTEMATIC APPROACH
_c
CHIN, P.L & KRAMER, M.K
942
_2
udc
_c
BK
999
_c
2696
_d
2696